|
|
|
|
| LEADER |
01342nam a2200289 a 4500 |
| 001 |
1997066 |
| 008 |
091224s1991 nyuab b 001 0 eng d |
| 010 |
|
|
|a 90022069
|
| 020 |
|
|
|a 0070053030
|
| 040 |
|
|
|a DLC
|c DLC
|d DLC
|d BD-DhAAL
|
| 082 |
0 |
0 |
|a 320.973
|2 20
|
| 100 |
1 |
|
|a Bingham, Richard D.
|
| 245 |
1 |
0 |
|a State and local government in a changing society /
|c Richard D. Bingham, David Hedge.
|
| 250 |
|
|
|a 2nd ed.
|
| 260 |
|
|
|a New York :
|b McGraw-Hill,
|c c1991.
|
| 300 |
|
|
|a xiv, 559 p. :
|b ill., map ;
|c 27 cm.
|
| 500 |
|
|
|a Rev. ed. of: State and local government in an urban society. 1st ed. 1986.
|
| 504 |
|
|
|a Includes bibliographical references and index.
|
| 541 |
1 |
|
|e 00012497
|
| 650 |
|
0 |
|a State governments
|z United States.
|
| 650 |
|
0 |
|a Local government
|z United States.
|
| 700 |
1 |
|
|a Hedge, David.
|
| 700 |
1 |
|
|a Bingham, Richard D.
|t State and local government in an urban society.
|
| 852 |
4 |
|
|a Ayesha Abed Library
|j General Shelf.
|
| 999 |
|
|
|c 6433
|d 6433
|
| 952 |
|
|
|0 0
|1 0
|2 ddc
|4 0
|6 320_973000000000000_BIN
|7 0
|9 6501
|a BRACUL
|b BRACUL
|c GEN
|d 2009-12-27
|g 0.00
|l 1
|m 10
|o 320.973 BIN
|p 3010012497
|r 2015-05-11
|s 2014-12-10
|t 1
|w 2009-12-27
|y BK
|x No price found in the accession register.
|
| 952 |
|
|
|0 0
|1 0
|2 ddc
|4 0
|6 320_973000000000000_BIN
|7 0
|9 24253
|a SCL
|b SCL
|c GEN
|d 2002-02-18
|l 1
|m 6
|o 320.973 BIN
|p 3020003704
|r 2018-06-28
|s 2018-05-23
|t 2
|w 2014-04-28
|y BK
|